000 00776nam a2200229 i 4500
001 71888
003 ES-MaACL
005 20230906171247.0
007 t|
008 040819s1973 sp ||||1| spa d
100 1 _aGide, Charles.
_956675
245 1 0 _aHistoria de las doctrinas económicas desde los fisiócratas hasta nuestros días /
_cpor Carlos Gide y Carlos Rist ; vertida al español por C. Martínez Peñalver.
250 _a4ª ed.
260 _aMadrid :
_bReus,
_c[1973]
300 _aXXIV, 760 p. ;
_c22 cm.
490 1 _aBiblioteca sociológica ;
_v15
700 1 _aRist, Charles.
_997471
700 1 _aMartínez Peñalver, C.
_978320
830 0 _aBiblioteca sociológica ;
_v15
_9183538
852 _aES-MaACL
_jL-432
_bR.100788
999 _c71888
_d71888